Spojené arabské emiráty. : Príspevok k zefektívneniu proexportných snáh podnikateľov. /

Uložené v:
Podrobná bibliografia
Hlavný autor: Horniak, Dušan (Author)
Médium: Kniha
Jazyk:Slovak
Vydané: Bratislava : Inštitút zahraničného obchodu-Ministerstvo hospodárstva SR-Ministerstvo zahraničných vecí SR, 1996
Vydanie:1. vyd.
Edícia:Edícia IZO
Témy:
ISBN: 809674304X (brož.)
Fyzický popis: 64 s. : + obr. príl.
Tagy: Pridať tag
Žiadne tagy, Buďte prvý kto otaguje tento záznam!

MARC

LEADER 00000nam a2200000 a 4500
001 000060921
003 SVKK
005 19961203000000.0
008 961010s1996 xo e sloo
020 |a 809674304X (brož.) 
040 |a SVKKK  |b slo  |c SVKKK  |e AACR2 
041 0 |a slo 
044 |a xo  |c SK 
080 |a 339.5(536.2)(082)  |2 1997 
100 1 |a Horniak, Dušan  |4 aut 
245 1 0 |a Spojené arabské emiráty. :  |b Príspevok k zefektívneniu proexportných snáh podnikateľov. /  |c Dušan Horniak 
250 |a 1. vyd. 
260 |a Bratislava :  |b Inštitút zahraničného obchodu-Ministerstvo hospodárstva SR-Ministerstvo zahraničných vecí SR,  |c 1996 
300 |a 64 s. :  |b + obr. príl. 
440 0 |a Edícia IZO 
653 0 |a Spojené arabské emiráty  |2 SVKKKPH 
653 0 |a zborníky  |2 SVKKKPH 
655 7 |a zborníky  |2 SVKKKPH 
910 |a svkkk 
919 |a 80-967430-4-X 
974 |a MI  |d 19961112 
974 |a KL  |d 19961104 
974 |a EG  |d 19961203 
998 |a BK 
090 |g SCKHL  |k Sklad Pribinova 2. posch.  |a III.174278  |j 900455  |i 2720197810  |s Absenčne